000 00527nam a2200193Ia 4500
008 240510s9999 xx 000 0 und d
020 _a0000262621118
041 _aEng
082 _a003.3
082 _bA67
100 _aLANGTON C.G. (ED.)(ET-AL)
245 0 _aARTIFICIAL LIFE V : PROCEEDINGS OF THE FIFTH INTERNATIONAL WORKSHOP ON THE SYNTHESIS AND SIMULATION OF LIVING SYSTEMS
260 _bLONDON : MIT
260 _c1997
300 _a530 p.
650 _aCOMPUTER SIMULATION :
942 _2ddc
942 _cLBK
999 _c25139
_d25139
945 _a1
_bMadushi Gamage
_c1
_dMadushi Gamage